000 00274nam a2200109 a 4500
005 20201002053129.0
008 180326s2017 000 spa d
020 _a9789945901696
245 0 _aCimientos del despotismo :.
260 _aSanto Domingo,
_c2017.
999 _c46288
_d46288
040 _aDO-SdBNP